[Event "St Petersburg Spring op"]
[Site "St Petersburg"]
[Date "2011.03.25"]
[Round "3"]
[White "Koshkarov, Ivan"]
[Black "Zavgorodniaya, Alena"]
[Result "1-0"]
[WhiteElo "2023"]
[BlackElo "1812"]
[PlyCount "79"]
[EventDate "2011.03.23"]
[EventType "swiss"]
[EventRounds "9"]
[EventCountry "RUS"]
[SourceTitle "CBM 141 Extra"]
[Source "ChessBase"]
[SourceDate "2011.05.03"]
[SourceVersion "1"]
[SourceVersionDate "2011.05.03"]
[SourceQuality "1"]

1. d4 d5 2. Nf3 Nf6 3. c4 e6 4. g3 dxc4 5. Bg2 a6 6. 0-0 b5 7. Ne5 Nd5 8. e4 Nb6 9. Nc3 Bb7 10. Qh5 g6 11. Nxg6 fxg6 12. Qe5 Qe7 13. Qxh8 Qg7 14. Qxg7 Bxg7 15. Be3 N8d7 16. a3 0-0-0 17. Rad1 Nf6 18. f3 Kb8 19. Bh3 Re8 20. Rfe1 Nfd7 21. f4 Nf6 22. Bf2 Ka7 23. Rd2 c6 24. Rde2 Bc8 25. Nb1 h6 26. Nd2 g5 27. fxg5 hxg5 28. e5 Nfd5 29. Ne4 Bh6 30. Rf1 Rf8 31. Bg4 Ne7 32. Be3 Rxf1+ 33. Kxf1 Nf5 34. Bxf5 exf5 35. Nxg5 Bxg5 36. Bxg5 Nd5 37. e6 Nc7 38. e7 Bd7 39. h4 Ne8 40. h5 1-0

[Event "St Petersburg Autumn op"]
[Site "St Petersburg"]
[Date "2010.10.24"]
[Round "9"]
[White "Tarasov, Ilya"]
[Black "Koshkarov, Ivan"]
[Result "0-1"]
[WhiteElo "1889"]
[BlackElo "2104"]
[PlyCount "126"]
[EventDate "2010.10.16"]
[EventType "swiss"]
[EventRounds "9"]
[EventCountry "RUS"]
[SourceTitle "EXT 2011"]
[Source "ChessBase"]
[SourceDate "2010.11.26"]
[SourceVersion "1"]
[SourceVersionDate "2010.11.26"]
[SourceQuality "1"]

1. d4 d5 2. c4 c6 3. Nf3 Nf6 4. Nc3 dxc4 5. a4 Bf5 6. e3 e6 7. Bxc4 Bb4 8. 0-0 Nbd7 9. Bd3 Bg6 10. Qc2 0-0 11. Bxg6 hxg6 12. e4 Bxc3 13. bxc3 c5 14. Bg5 Qc7 15. Qd3 Rac8 16. Bxf6 gxf6 17. d5 exd5 18. exd5 c4 19. Qd4 Ne5 20. Nxe5 Qxe5 21. Qxe5 fxe5 22. Rfe1 f6 23. f4 exf4 24. Re7 Rf7 25. Rae1 Rd8 26. Re8+ Rxe8 27. Rxe8+ Kg7 28. Re4 Rd7 29. Rxc4 Rxd5 30. Rc7+ Kh6 31. Rxb7 Rc5 32. Rxa7 Rxc3 33. a5 Ra3 34. a6 Kg5 35. Kf2 f3 36. gxf3 Kf4 37. Rf7 Rxa6 38. Rg7 f5 39. Rg8 g5 40. Rb8 Ra2+ 41. Kg1 Kxf3 42. Rb3+ Kg4 43. Rb4+ f4 44. Rb1 Re2 45. Rf1 f3 46. Kh1 Kf4 47. Kg1 Ke3 48. Kh1 g4 49. Kg1 Rg2+ 50. Kh1 g3 51. hxg3 Rxg3 52. Kh2 Rg6 53. Kh1 Ke2 54. Ra1 Kf2 55. Ra2+ Kg3 56. Kg1 Rd6 57. Rg2+ Kf4 58. Rf2 Ke3 59. Rf1 Rd2 60. Re1+ Re2 61. Rf1 Kf4 62. Rb1 Kg3 63. Kh1 Rh2+ 0-1

[Event "St Petersburg Autumn op"]
[Site "St Petersburg"]
[Date "2010.10.23"]
[Round "8"]
[White "Koshkarov, Ivan"]
[Black "Tkachev, Ivan"]
[Result "0-1"]
[WhiteElo "2104"]
[BlackElo "2010"]
[PlyCount "38"]
[EventDate "2010.10.16"]
[EventType "swiss"]
[EventRounds "9"]
[EventCountry "RUS"]
[SourceTitle "EXT 2011"]
[Source "ChessBase"]
[SourceDate "2010.11.26"]
[SourceVersion "1"]
[SourceVersionDate "2010.11.26"]
[SourceQuality "1"]

1. e4 c6 2. d4 d5 3. Nd2 dxe4 4. Nxe4 Nf6 5. Nxf6+ gxf6 6. c3 Bf5 7. Nf3 Nd7 8. Bf4 Qb6 9. Qd2 0-0-0 10. Bd3 Bg6 11. Bxg6 hxg6 12. 0-0-0 Bg7 13. Be3 Qa5 14. Kb1 e5 15. d5 Nb6 16. Bxb6 Qxb6 17. c4 e4 18. Nd4 f5 19. Qc3 c5 0-1

[Event "St Petersburg Autumn op"]
[Site "St Petersburg"]
[Date "2010.10.22"]
[Round "7"]
[White "Simko, Vladimir"]
[Black "Koshkarov, Ivan"]
[Result "1/2-1/2"]
[WhiteElo "1985"]
[BlackElo "2104"]
[PlyCount "105"]
[EventDate "2010.10.16"]
[EventType "swiss"]
[EventRounds "9"]
[EventCountry "RUS"]
[SourceTitle "EXT 2011"]
[Source "ChessBase"]
[SourceDate "2010.11.26"]
[SourceVersion "1"]
[SourceVersionDate "2010.11.26"]
[SourceQuality "1"]

1. d4 d5 2. c4 c6 3. Nf3 Nf6 4. Nc3 dxc4 5. e3 b5 6. a4 b4 7. Na2 e6 8. Bxc4 Be7 9. 0-0 0-0 10. Bd2 a5 11. Qc2 Bb7 12. Be2 Nbd7 13. Rfd1 Qb6 14. Nc1 c5 15. Nb3 Rac8 16. Rac1 Bd5 17. dxc5 Nxc5 18. Nxc5 Rxc5 19. Qd3 Be4 20. Qb3 Rfc8 21. Rxc5 Rxc5 22. Rc1 Rxc1+ 23. Bxc1 Qc6 24. Qd1 Qc5 25. Ne1 Nd5 26. Bd3 f5 27. Qd2 b3 28. Bb5 h6 29. g3 Bf6 30. h4 Nb4 31. f3 Bd5 32. Kh2 Na2 33. Nd3 Qc2 34. Qxc2 bxc2 35. Bd2 Bxf3 36. Bc4 Bd5 37. Bxa2 Bxa2 38. Bxa5 Bc4 39. Nc1 Bxb2 40. Bd2 Kf7 41. Kg2 Kg6 42. Kf2 Kh5 43. a5 Kg4 44. Ne2 Bxe2 45. Kxe2 Be5 46. a6 Bb8 47. Kd3 Kxg3 48. Kxc2 Ba7 49. Kd3 Kf3 50. Bc3 g5 51. Bd4 Bb8 52. Be5 Ba7 53. Bd4 1/2-1/2

[Event "St Petersburg Autumn op"]
[Site "St Petersburg"]
[Date "2010.10.21"]
[Round "6"]
[White "Koshkarov, Ivan"]
[Black "Zakharov, Yuri Vasilievich"]
[Result "1-0"]
[WhiteElo "2104"]
[BlackElo "1948"]
[PlyCount "87"]
[EventDate "2010.10.16"]
[EventType "swiss"]
[EventRounds "9"]
[EventCountry "RUS"]
[SourceTitle "EXT 2011"]
[Source "ChessBase"]
[SourceDate "2010.11.26"]
[SourceVersion "1"]
[SourceVersionDate "2010.11.26"]
[SourceQuality "1"]

1. e4 c5 2. Nf3 e6 3. c3 d6 4. d4 Nf6 5. Bd3 Be7 6. 0-0 Nc6 7. e5 dxe5 8. dxe5 Nd7 9. Re1 Nf8 10. Qe2 Ng6 11. Bc2 Qc7 12. a4 a6 13. Na3 Na5 14. Nc4 Nxc4 15. Qxc4 b6 16. Bg5 Bb7 17. Be4 0-0 18. Bxe7 Qxe7 19. Bxb7 Qxb7 20. Rad1 Rfd8 21. Rd3 Rxd3 22. Qxd3 Qd5 23. Qxd5 exd5 24. g3 Kf8 25. Nd2 Re8 26. f4 f6 27. Nf3 fxe5 28. f5 Nh8 29. Nxe5 Re7 30. Kf2 Nf7 31. Nxf7 Rxe1 32. Kxe1 Kxf7 33. Kf2 Kf6 34. g4 Ke5 35. Ke3 h5 36. h3 hxg4 37. hxg4 c4 38. Kf3 b5 39. axb5 axb5 40. Ke3 b4 41. cxb4 d4+ 42. Kd2 Kd5 43. g5 Ke5 44. b5 1-0

[Event "St Petersburg Autumn op"]
[Site "St Petersburg"]
[Date "2010.10.20"]
[Round "5"]
[White "Koshkarov, Ivan"]
[Black "Obraztsov, Nikita"]
[Result "1/2-1/2"]
[WhiteElo "2104"]
[BlackElo "1923"]
[PlyCount "106"]
[EventDate "2010.10.16"]
[EventType "swiss"]
[EventRounds "9"]
[EventCountry "RUS"]
[SourceTitle "EXT 2011"]
[Source "ChessBase"]
[SourceDate "2010.11.26"]
[SourceVersion "1"]
[SourceVersionDate "2010.11.26"]
[SourceQuality "1"]

1. e4 c6 2. d4 d5 3. Nd2 dxe4 4. Nxe4 Bf5 5. Ng3 Bg6 6. h4 h6 7. Nf3 Nd7 8. h5 Bh7 9. Bd3 Bxd3 10. Qxd3 e6 11. Bf4 Qa5+ 12. Bd2 Bb4 13. c3 Be7 14. c4 Qc7 15. 0-0-0 Ngf6 16. Ne4 Nxe4 17. Qxe4 Nf6 18. Qe2 0-0-0 19. g3 Rhe8 20. Bc3 c5 21. dxc5 Bxc5 22. Ne5 Bd6 23. f3 Bxe5 24. Bxe5 Qc5 25. Bxf6 gxf6 26. g4 Rxd1+ 27. Rxd1 Rd8 28. Rxd8+ Kxd8 29. Qd2+ Ke7 30. b3 Qa3+ 31. Kb1 Qd6 32. Qe3 b6 33. Kb2 Qh2+ 34. Ka3 Qd6+ 35. b4 Kd7 36. c5 bxc5 37. bxc5 Qa6+ 38. Kb4 Qb7+ 39. Kc3 Qc7 40. Qd4+ Ke7 41. Kd3 Qc6 42. Ke3 Qa6 43. a4 Qc6 44. Qb4 Kd7 45. Qb5 e5 46. Kd3 a6 47. Qxc6+ Kxc6 48. Kc4 a5 49. Kd3 Kxc5 50. Ke4 Kd6 51. Kf5 Ke7 52. f4 exf4 53. Kxf4 Kd6 1/2-1/2

[Event "St Petersburg White Nights op"]
[Site "St Petersburg"]
[Date "2010.06.17"]
[Round "2"]
[White "Koshkarov, Ivan"]
[Black "Donskov, Anatoly"]
[Result "0-1"]
[WhiteElo "2110"]
[BlackElo "2235"]
[PlyCount "112"]
[EventDate "2010.06.16"]
[EventType "swiss"]
[EventRounds "9"]
[EventCountry "RUS"]
[SourceTitle "EXT 2011"]
[Source "ChessBase"]
[SourceDate "2010.11.26"]
[SourceVersion "1"]
[SourceVersionDate "2010.11.26"]
[SourceQuality "1"]

1. e4 c5 2. Nf3 d6 3. Bb5+ Bd7 4. Bxd7+ Qxd7 5. 0-0 Nc6 6. c3 Nf6 7. Re1 e5 8. d4 Be7 9. Bg5 0-0 10. Bxf6 Bxf6 11. dxc5 Be7 12. cxd6 Bxd6 13. Na3 Qe7 14. Nc4 Rad8 15. Ne3 h6 16. Nd5 Qe6 17. Qb3 Rd7 18. Rad1 Rc8 19. Qa4 b6 20. Nd2 Bf8 21. Nc4 Rb8 22. Qb3 b5 23. Nce3 Rdb7 24. a3 a5 25. Ra1 Kh8 26. Qd1 g6 27. Qd3 a4 28. Rad1 Na5 29. Qb1 Bc5 30. h3 Nb3 31. Qc2 Kg7 32. Ng4 h5 33. Nge3 Ba7 34. Nb4 Rc8 35. Qd3 Nc5 36. Qd5 Qf6 37. Re2 Rd7 38. Qa2 Rxd1+ 39. Nxd1 Rd8 40. Qb1 Ne6 41. Nd5 Qg5 42. N1e3 Nf4 43. Nxf4 exf4 44. h4 Qxh4 45. Nd5 Qg4 46. Qd3 h4 47. Re1 Qg3 48. Qf3 g5 49. Kf1 Qxf3 50. gxf3 f5 51. Kg2 Bb8 52. Re2 g4 53. Re1 fxe4 54. fxe4 f3+ 55. Kf1 Bh2 56. Re3 Rf8 0-1